Bairros de Curitiba no mapa - Statistics

Estatísticas Gerais
  • Esse quiz foi jogado 3 199 vezes
  • A pontuação média é 45 de 75
Respostas no mapa
Respostas codificadas por cores de uma escala verde-vermelha no mapa do quiz de acordo com a % correta abaixo.
 
Estatísticas das Respostas
Resposta % Correto
Centro
95%
Cidade Industrial de Curitiba
88%
Batel
84%
Boqueirão
84%
Santa Felicidade
84%
Água Verde
82%
Portão
82%
Pinheirinho
76%
Santa Cândida
74%
Xaxim
74%
Capão Raso
73%
Sítio Cercado
73%
Ahú
72%
Alto Boqueirão
72%
Centro Cívico
71%
Hauer
71%
Cajuru
70%
Cabral
69%
Fazendinha
69%
Uberaba
69%
Alto da XV
68%
Bacacheri
68%
Bairro Alto
68%
Bigorrilho
68%
Jardim Botânico
68%
Parolin
68%
Tatuquara
68%
Alto da Glória
67%
Campo Comprido
66%
Jardim das Américas
66%
Mercês
66%
Boa Vista
65%
Rebouças
65%
Fanny
62%
Juvevê
62%
Novo Mundo
62%
Santa Quitéria
61%
Tarumã
61%
Atuba
59%
Campina do Siqueira
59%
Capão da imbuia
58%
Pilarzinho
58%
Umbará
58%
Jardim Social
57%
Vila Izabel
57%
Barreirinha
56%
Caximba
56%
Mossunguê
56%
Orleans
56%
Abranches
55%
Tingui
55%
São Braz
54%
Guaíra
53%
Hugo Lange
51%
São Francisco
51%
Guabirotuba
50%
Prado Velho
50%
Cristo Rei
49%
Ganchinho
49%
Lindoia
48%
São Lourenço
48%
Seminário
48%
Vista Alegre
47%
Cachoeira
46%
Campo de Santana
46%
Butiatuvinha
43%
São João
42%
Bom Retiro
41%
Santo Inácio
40%
Augusta
39%
Lamenha Pequena
37%
Cascatinha
36%
Riviera
35%
São Miguel
35%
Taboão
35%
Nenhum quiz correspondente encontrado
Distribuição das Pontuações
Porcentagem de Pessoas com Cada Pontuação
Percentil de Números Respondidos
Sua Pontuação Histórica
Você não jogou esse quiz